| 000 | 01902cam a2200349 a 4500 | ||
|---|---|---|---|
| 001 | 16753880 | ||
| 005 | 20170105102908.0 | ||
| 008 | 110428s2011 enka b 001 0 eng | ||
| 010 | _a 2011016952 | ||
| 015 |
_aGBB158820 _2bnb |
||
| 016 | 7 |
_a015808640 _2Uk |
|
| 020 | _a9780230300828 (alk. paper) | ||
| 020 | _a0230300820 (alk. paper) | ||
| 035 | _a(OCoLC)ocn720634909 | ||
| 040 |
_aDLC _cDLC _dYDX _dYDXCP _dUKMGB _dBWX _dCDX _dDLC |
||
| 042 | _apcc | ||
| 050 | 0 | 0 |
_aJZ1318 _b.V4675 2011 |
| 082 | 0 | 0 |
_a327.1/7 _223 |
| 100 | 1 | _aVerweij, Marco. | |
| 245 | 1 | 0 |
_aClumsy solutions for a wicked world : _bhow to improve global governance / _cMarco Verweij. |
| 260 |
_aHoundmills, Basingstoke, Hampshire ; _aNew York : _bPalgrave Macmillan, _c2011. |
||
| 300 |
_axi, 271 p. : _bill. ; _c23 cm. |
||
| 490 | 1 | _aGlobal issues series | |
| 500 | _aA complementary volume to: Clumsy solutions for a complex world. | ||
| 504 | _aIncludes bibliographical references and index. | ||
| 505 | 0 | _aHow to curb global warming when it may or may not be occurring -- Clumsy solutions for a wicked world (with Steven Ney and Michael Thompson) -- Health for very few: the resurgence of malaria (with Cristina Greculescu) -- Biased into Baghdad: the failure of the Iraq War -- They may be génocidaires but at least they are our génocidaires: the role of France in Rwanda -- Making global governance clumsier (after an excursion to the Rhine) -- Appendix A: a clumsy conclusion to the 'great debates' in the study of international relations. | |
| 650 | 0 |
_aInternational cooperation _vCase studies. |
|
| 830 | 0 | _aGlobal issues series (Palgrave Macmillan (Firm)) | |
| 906 |
_a7 _bcbc _corignew _d1 _eecip _f20 _gy-gencatlg |
||
| 942 |
_2ddc _cBK |
||
| 999 |
_c14969 _d14969 |
||